| 000 | 00429cam a2200181ua 4500 | ||
|---|---|---|---|
| 020 | _c1.50 | ||
| 041 |
_amal _h |
||
| 082 |
_a894.812301 _bKOV/OR |
||
| 100 | _aKovilan, . | ||
| 245 |
_aOrikkal manushyanayirunnu / _cKovilan. _hTextual Documents |
||
| 250 |
_a1 / _b. |
||
| 260 |
_aThrissur : _bCurrent Books , _c1960. |
||
| 300 | _a109 ; . | ||
| 365 | _a1.50 | ||
| 504 | _a | ||
| 942 | _cBK | ||
| 999 |
_c12582 _d12582 |
||